|
|
|
|
| LEADER |
00000nas a2200000 a 4500 |
| 001 |
ssj0005860 |
| 003 |
WaSeSS |
| 005 |
20200512172242.0 |
| 006 |
m d |
| 007 |
cr n |
| 008 |
741210c19519999mnumn p s 0 a0eng |
| 010 |
|
|
|a 54032209
|
| 022 |
|
|
|l 0014-7230
|y 0014-7230
|
| 032 |
|
|
|a 515930
|b USPS
|
| 035 |
|
|
|a (WaSeSS)ssj0005860
|
| 037 |
|
|
|b Family Handyman, 52 Woodhaven Rd., Marion OH 43305
|
| 040 |
|
|
|a AGL
|b eng
|c AGL
|d OCL
|d NSD
|d UCU
|d NSD
|d MUL
|d OCL
|d AIP
|d DLC
|d AIP
|d OCL
|d DLC
|d NSD
|d EBZ
|d NST
|d OCLCQ
|d OCLCO
|d OCLCQ
|d OCLCF
|d OCLCO
|d T3H
|d OCLCO
|d PX0
|d GRR
|d OCLCO
|d MWB
|d OCLCA
|d OCLCQ
|d OCLCO
|d AAO
|d OCLCO
|d JCX
|d OCLCO
|d TL4
|d OCLCO
|d ZQP
|d OCLCO
|d WaSeSS
|
| 042 |
|
|
|a pcc
|a nsdp
|
| 050 |
0 |
0 |
|a TX323
|b .F35
|
| 070 |
|
|
|a TX1.F3
|
| 082 |
0 |
4 |
|a 643/.7/05
|2 19
|
| 210 |
0 |
|
|a Fam. handyman
|
| 222 |
|
4 |
|a The Family handyman
|
| 245 |
0 |
4 |
|a The Family handyman
|h [electronic resource].
|
| 260 |
|
|
|a [New York, N.Y.] :
|b [UPD Pub. Corp.]
|
| 310 |
|
|
|a Monthly (except for combined issues in July/Aug., Nov./Dec.),
|b <Oct. 1988->
|
| 321 |
|
|
|a Quarterly,
|b 1951
|
| 321 |
|
|
|a Bimonthly,
|b Feb./Mar. 1952-
|
| 321 |
|
|
|a 9 no. a year,
|b <Jan. 1973-Jan. 1983>
|
| 362 |
1 |
|
|a Began with Jan./Mar. 1951.
|
| 500 |
|
|
|a Issues for <Oct. 1988-> published: St. Paul MN : Home Service Publications.
|
| 506 |
|
|
|a License restrictions may limit access.
|
| 515 |
|
|
|a Issues for: <Vol. 38, no. 8-> also called <292nd ed.->.
|
| 580 |
|
|
|a Absorbed: Home garden's natural gardening magazine, May 1973.
|
| 588 |
|
|
|a Description based on: Jan. 1973; title from cover.
|
| 588 |
|
|
|a Latest issue consulted: Vol. 38, no. 8 (Oct. 1988).
|
| 650 |
|
0 |
|a Home economics
|v Periodicals.
|
| 650 |
|
0 |
|a Handicraft
|v Periodicals.
|
| 650 |
|
0 |
|a Do-it-yourself work
|v Periodicals.
|
| 650 |
|
7 |
|a Do-it-yourself work.
|2 fast
|0 (OCoLC)fst00895997
|
| 650 |
|
7 |
|a Handicraft.
|2 fast
|0 (OCoLC)fst00950959
|
| 650 |
|
7 |
|a Home economics.
|2 fast
|0 (OCoLC)fst00959173
|
| 655 |
|
0 |
|a Electronic journals.
|
| 780 |
1 |
5 |
|t Home garden's natural gardening magazine
|x 0090-7650
|w (DLC) 72622634
|
| 850 |
|
|
|a CU-A
|a DLC
|a IaAS
|
| 856 |
4 |
0 |
|z Full text available from Research Library: 01/01/1995 to 12/31/1997
|u https://search.proquest.com/publication/48021
|